[Event "3rd International Chess Festival Sport"]
[Site "Paracin"]
[Date "2010.07.13"]
[Round "6.6"]
[White "Abramovic Bosko"]
[Black "Kryakvin Dmitry"]
[Result "1/2-1/2"]
[WhiteElo "2491"]
[BlackElo "2603"]
[Annotator "Milojevic,Boban"]
[PlyCount "37"]
[EventDate "2010.??.??"]
[TimeControl "5400"]

1. d4 Nf6 2. c4 g6 3. Nc3 Bg7 4. g3 O-O 5. Bg2 d6 6. Nf3 Nbd7 7. O-O e5 8. e4
c6 9. b3 Re8 10. h3 a6 11. Be3 exd4 12. Nxd4 Nc5 13. Qc2 Qe7 14. Rfe1 Bd7 15.
Bf4 Nh5 16. Be3 Nf6 17. Bf4 Nh5 18. Be3 Nf6 19. Bf4 1/2-1/2

[Event "3rd International Chess Festival Sport"]
[Site "Paracin"]
[Date "2010.07.13"]
[Round "6.6"]
[White "Nikolov Sasho"]
[Black "Damljanovic Branko"]
[Result "0-1"]
[WhiteElo "2409"]
[BlackElo "2541"]
[Annotator "Milojevic,Boban"]
[PlyCount "56"]
[EventDate "2010.??.??"]
[TimeControl "5400"]

1. e4 c5 2. Nf3 d6 3. d4 cxd4 4. Nxd4 Nf6 5. Nc3 a6 6. Be3 e5 7. Nb3 Be6 8. Qd2
Nbd7 9. f3 h5 10. Be2 Be7 11. O-O h4 12. a4 Rc8 13. Rfd1 O-O 14. a5 Nh7 15. Nc1
Ndf6 16. Bb6 Qe8 17. N1a2 Nh5 18. Nb4 Nf4 19. Bf1 f5 20. exf5 Rxf5 21. Nbd5
Nxd5 22. Nxd5 Bg5 23. Be3 e4 24. fxe4 Bxd5 25. Bxg5 Bxe4 26. Bxh4 Rxc2 27. Qd4
Rxf1+ 28. Kxf1 Qb5+ 0-1

[Event "3rd International Chess Festival Sport"]
[Site "Paracin"]
[Date "2010.07.13"]
[Round "6.6"]
[White "Nestorovic Dejan"]
[Black "Simantsev Mikhail"]
[Result "1/2-1/2"]
[WhiteElo "2422"]
[BlackElo "2539"]
[Annotator "Milojevic,Boban"]
[PlyCount "39"]
[EventDate "2010.??.??"]
[TimeControl "5400"]

1. d4 d5 2. c4 c6 3. Nf3 Nf6 4. e3 e6 5. Nc3 Nbd7 6. Qc2 Bd6 7. b3 O-O 8. Be2
Re8 9. O-O b6 10. Bb2 Bb7 11. Rfd1 Rc8 12. e4 dxe4 13. Nxe4 Nxe4 14. Qxe4 Nf6
15. Qh4 Qe7 16. Ne5 Nd7 17. Qxe7 Rxe7 18. Bf3 f6 19. Nxd7 Rxd7 20. Rd3 1/2-1/2

[Event "3rd International Chess Festival Sport"]
[Site "Paracin"]
[Date "2010.07.12"]
[Round "6.6"]
[White "Pantelic Sasa"]
[Black "Lajthajm Borko"]
[Result "1/2-1/2"]
[WhiteElo "2335"]
[BlackElo "2493"]
[Annotator "Milojevic,Boban"]
[PlyCount "140"]
[EventDate "2010.??.??"]
[TimeControl "5400"]

1. d4 Nf6 2. c4 e6 3. Nc3 Bb4 4. Qc2 O-O 5. a3 Bxc3+ 6. Qxc3 d6 7. Bg5 Nbd7 8.
e3 b6 9. Ne2 Bb7 10. Qc2 c5 11. Rd1 Qc7 12. Nc3 a6 13. Be2 h6 14. Bf4 cxd4 15.
exd4 e5 16. Be3 d5 17. dxe5 Nxe5 18. Qf5 dxc4 19. Bxh6 Rfe8 20. Be3 Qc6 21. Rg1
b5 22. Rd4 a5 23. g4 Bc8 24. Qf4 b4 25. g5 Nfg4 26. Nd5 c3 27. bxc3 bxc3 28.
Bxg4 c2 29. Be2 Ng6 30. Qc7 Qxc7 31. Nxc7 Rxe3 32. Kd2 Rxe2+ 33. Kxe2 Rb8 34.
Rc1 Bf5 35. Nd5 Rb1 36. Kd2 Rb5 37. Ne3 Be6 38. Rxc2 Rxg5 39. Rc7 Rh5 40. h3
Kh7 41. Ke2 Kg8 42. Ra7 Bb3 43. a4 Be6 44. Rb7 Rxh3 45. Rb5 Rh1 46. Rxa5 Ra1
47. Ra8+ Kh7 48. f4 Ra2+ 49. Kd1 Ne7 50. Kc1 Re2 51. Nc2 Nc6 52. Rd6 Ne7 53.
Nd4 Re4 54. Nxe6 fxe6 55. a5 Nd5 56. f5 Rc4+ 57. Kb2 Nc7 58. Kb3 Rc5 59. Rc8
exf5 60. Rd4 g5 61. Rd7+ Kg6 62. Rdxc7 Rxa5 63. Rc6+ Kh5 64. Rc5 Rxc5 65. Rxc5
g4 66. Kc3 g3 67. Kd3 g2 68. Rc8 Kg4 69. Ke2 g1=N+ 70. Kf2 Kg5 1/2-1/2

[Event "3rd International Chess Festival Sport"]
[Site "Paracin"]
[Date "2010.07.13"]
[Round "6.6"]
[White "Stanojoski Zvonko"]
[Black "Ardeleanu Alin"]
[Result "1-0"]
[WhiteElo "2487"]
[BlackElo "2399"]
[Annotator "Milojevic,Boban"]
[PlyCount "45"]
[EventDate "2010.??.??"]
[TimeControl "5400"]

1. e4 g6 2. d4 Bg7 3. Nc3 d6 4. f4 Nf6 5. Nf3 O-O 6. Bd3 Na6 7. O-O c5 8. d5
Bg4 9. Bc4 Nd7 10. h3 Bxf3 11. Rxf3 Nc7 12. a4 a6 13. a5 b5 14. axb6 Nxb6 15.
Bf1 Nb5 16. Nxb5 axb5 17. Rxa8 Nxa8 18. Bxb5 Qb6 19. Rb3 c4+ 20. Be3 Qc7 21.
Ra3 Bxb2 22. Ra7 Qd8 23. Bc6 1-0

[Event "3rd International Chess Festival Sport"]
[Site "Paracin"]
[Date "2010.07.13"]
[Round "6.6"]
[White "Janev Evgeni"]
[Black "Popovic Aleksandar M"]
[Result "1-0"]
[WhiteElo "2463"]
[BlackElo "2244"]
[Annotator "Milojevic,Boban"]
[PlyCount "101"]
[EventDate "2010.??.??"]
[TimeControl "5400"]

1. e4 e5 2. Nf3 Nc6 3. Bb5 a6 4. Bxc6 dxc6 5. Nc3 f6 6. d4 exd4 7. Nxd4 c5 8.
Nde2 Qxd1+ 9. Nxd1 Be6 10. Bf4 O-O-O 11. Ne3 c4 12. Rd1 Rxd1+ 13. Nxd1 Bc5 14.
Be3 Bd6 15. f4 Ne7 16. Kf2 Nc6 17. Ndc3 b5 18. a3 Re8 19. h3 Bd7 20. Rd1 Nd8
21. Ng3 Bc6 22. Nd5 Bf8 23. Kf3 Nb7 24. h4 Nd6 25. Bc5 Nxe4 26. Nxe4 f5 27.
Bxf8 fxe4+ 28. Ke3 Rxf8 29. Ne7+ Kb7 30. Rd4 Rf6 31. g4 a5 32. f5 h5 33. g5 Rf7
34. Nxc6 Kxc6 35. Kf4 e3 36. Re4 Rd7 37. Kxe3 Rd1 38. Rf4 Re1+ 39. Kd2 Re8 40.
a4 b4 41. Rxc4+ Kd6 42. Kd3 Re1 43. Rf4 Ke5 44. Rf2 Rd1+ 45. Kc4 Rd8 46. f6
gxf6 47. gxf6 Ke4 48. f7 Rf8 49. Kb5 Ke3 50. Rf6 Kd2 51. Kxa5 1-0

[Event "3rd International Chess Festival Sport"]
[Site "Paracin"]
[Date "2010.07.13"]
[Round "6.6"]
[White "Irizanin Radoje"]
[Black "Pavlov Sergey"]
[Result "1/2-1/2"]
[WhiteElo "2300"]
[BlackElo "2524"]
[Annotator "Milojevic,Boban"]
[PlyCount "190"]
[EventDate "2010.??.??"]
[TimeControl "5400"]

1. Nf3 Nf6 2. b3 c5 3. Bb2 b6 4. e3 Bb7 5. c4 e6 6. Be2 Be7 7. O-O O-O 8. Nc3
Nc6 9. Rc1 Rc8 10. d4 cxd4 11. Nxd4 a6 12. Bf3 Ba8 13. Nxc6 Bxc6 14. Bxc6 Rxc6
15. Qf3 Qc7 16. g3 Rb8 17. a4 Qb7 18. Rfd1 Ne8 19. Rd3 Rd6 20. Qxb7 Rxb7 21.
Rcd1 f5 22. e4 g6 23. Kg2 Kf7 24. f3 h5 25. h3 Rxd3 26. Rxd3 Nf6 27. Bc1 Bb4
28. Na2 Bc5 29. Nc3 Bb4 30. Na2 fxe4 31. fxe4 Be7 32. Nc3 d6 33. Ba3 Rd7 34.
Bc1 Rd8 35. e5 dxe5 36. Rxd8 Bxd8 37. Bg5 e4 38. Nxe4 Nxe4 39. Bxd8 Nd2 40.
Bxb6 Nxb3 41. Be3 Kf6 42. Kf3 Ke5 43. c5 Kd5 44. Kf4 Nxc5 45. a5 Ne4 46. g4 e5+
47. Kf3 Nd6 48. gxh5 gxh5 49. Bf2 Ke6 50. Be1 Kf5 51. Ke3 Ne4 52. Kd3 Ng5 53.
Kc4 Nxh3 54. Kc5 e4 55. Kb6 e3 56. Kxa6 Nf2 57. Kb6 h4 58. a6 h3 59. a7 h2 60.
a8=Q h1=Q 61. Qf8+ Ke4 62. Qa8+ Kf4 63. Qxh1 Nxh1 64. Kc5 Kf3 65. Kd4 Nf2 66.
Ba5 Nd1 67. Bb4 Ke2 68. Bd6 Kf3 69. Bb4 Kf2 70. Ba5 Nb2 71. Bb4 e2 72. Ba5 Nd1
73. Kd3 Ne3 74. Bb4 Nd5 75. Ba5 Kf3 76. Be1 Nf4+ 77. Kd4 Ng2 78. Ba5 Ne3 79.
Kd3 Kf2 80. Bb4 Nd5 81. Ba5 Nc7 82. Bb4 Na6 83. Ba5 Nc5+ 84. Kc4 Nb7 85. Bd2
Kf3 86. Kd4 Nd8 87. Kd3 Nc6 88. Bc3 Kf2 89. Bd2 Ne5+ 90. Ke4 Nc4 91. Bc3 Nb2
92. Bd2 Na4 93. Kd4 Kf1 94. Bb4 e1=R 95. Bxe1 Kxe1 1/2-1/2

[Event "3rd International Chess Festival Sport"]
[Site "Paracin"]
[Date "2010.07.13"]
[Round "6.6"]
[White "Colovic Dusan"]
[Black "Savic Miodrag R"]
[Result "0-1"]
[WhiteElo "2369"]
[BlackElo "2477"]
[Annotator "Milojevic,Boban"]
[PlyCount "148"]
[EventDate "2010.??.??"]
[TimeControl "5400"]

1. d4 Nf6 2. Nc3 d5 3. Bf4 Bf5 4. e3 e6 5. f3 Bd6 6. Nge2 Nc6 7. g4 Bg6 8. h4
h6 9. Qd2 e5 10. dxe5 Nxe5 11. Bxe5 Bxe5 12. O-O-O c6 13. Nf4 Qa5 14. Nxg6 Bxc3
15. Qxc3 Qxc3 16. bxc3 fxg6 17. Bd3 Kf7 18. c4 g5 19. h5 Rhd8 20. cxd5 cxd5 21.
Bf5 Kg8 22. Rd3 Re8 23. Rhd1 Re7 24. Kd2 Rf8 25. Bg6 Rc8 26. Rd4 Kf8 27. a4 Rc5
28. Ke2 Rec7 29. Rb1 b6 30. Rb5 Ke7 31. Rdb4 Kd6 32. Rxc5 Rxc5 33. Bf5 Rc3 34.
Rb3 Rc4 35. Ra3 Rc5 36. Rb3 Rc4 37. Ra3 d4 38. Kd3 Kc5 39. Be6 Rb4 40. c3 dxc3
41. Rxc3+ Kd6 42. Bb3 Nd7 43. Bc2 Nc5+ 44. Kd2 a5 45. Ra3 Kd5 46. Kc3 Nd7 47.
Ra1 Rc4+ 48. Kb2 Ke5 49. Bb3 Rb4 50. Kc3 Nc5 51. Bc2 Ke6 52. Bf5+ Kd5 53. Bc2
Kc6 54. Ra2 Nd7 55. Rb2 Rxb2 56. Kxb2 b5 57. axb5+ Kxb5 58. Kc3 Ne5 59. Bd1 Kc5
60. Be2 Nd7 61. Bd1 Nb6 62. Bb3 a4 63. Be6 Na8 64. Bd7 Nb6 65. Be6 Kd6 66. Bc4
a3 67. Bb3 Nd7 68. Kd4 Nc5 69. Ba2 Na6 70. Ke4 Nb4 71. Bg8 Ke7 72. Kf5 Nc2 73.
Ke4 Kf6 74. Kd3 Ke5 0-1

[Event " 3rd International Chess Festival Sport "]
[Site "Paracin"]
[Date "2010.07.13"]
[Round "6.9"]
[White "Lahiri, Atanu"]
[Black "Dochev, Dimitar"]
[Result "1/2-1/2"]
[WhiteElo "2353"]
[BlackElo "2430"]
[PlyCount "88"]
[EventDate "2010.07.09"]

1. d4 Nf6 2. c4 g6 3. Nc3 Bg7 4. e4 d6 5. f4 c5 6. d5 O-O 7. Nf3 e6 8. Be2 exd5
9. cxd5 Bg4 10. O-O Nbd7 11. h3 Bxf3 12. Bxf3 Re8 13. Be3 b5 14. e5 dxe5 15.
Nxb5 Qb8 16. Qb3 exf4 17. Bd2 a6 18. Na3 g5 19. Qc2 Ne5 20. Nc4 Nxc4 21. Qxc4
Qxb2 22. Rad1 Nd7 23. Bc1 Qb5 24. Qc2 Rad8 25. g3 Ne5 26. Be4 Ng6 27. gxf4 gxf4
28. Bxf4 Qb4 29. Bg5 Rd6 30. Bg2 h6 31. Qf5 Qb7 32. Bc1 Qd7 33. Qxd7 Rxd7 34.
Rfe1 Bd4+ 35. Kh1 Rxe1+ 36. Rxe1 Ne7 37. Bxh6 Nxd5 38. Bd2 Nf6 39. Bf1 a5 40.
Bc4 a4 41. Re2 Rb7 42. Kg2 Kg7 43. Kf3 Rb2 44. Rg2+ Kf8 1/2-1/2

[Event " 3rd International Chess Festival Sport "]
[Site "Paracin"]
[Date "2010.07.13"]
[Round "6.10"]
[White "Milosevic, Aleksandar"]
[Black "Zlatanovic, Boroljub"]
[Result "0-1"]
[WhiteElo "2244"]
[BlackElo "2422"]
[PlyCount "44"]
[EventDate "2010.07.09"]

1. a3 e5 2. c4 g6 3. d4 d6 4. e3 Bg7 5. Nc3 f5 6. Nf3 e4 7. Nd2 c5 8. Nb3 b6 9.
f3 Nf6 10. Be2 O-O 11. O-O Bb7 12. g4 Nbd7 13. gxf5 gxf5 14. f4 Kh8 15. h3 Rg8
16. Kh2 Qe7 17. Bd2 Ne8 18. Be1 Nc7 19. Nb5 Nxb5 20. cxb5 Bf6 21. dxc5 Qg7 22.
Bg4 dxc5 0-1

[Event " 3rd International Chess Festival Sport "]
[Site "Paracin"]
[Date "2010.07.13"]
[Round "6.11"]
[White "Pakhomov, Alexey"]
[Black "Nestorovic, Lazar"]
[Result "1/2-1/2"]
[WhiteElo "2412"]
[BlackElo "2310"]
[PlyCount "39"]
[EventDate "2010.07.09"]

1. d4 Nf6 2. Nf3 e6 3. c4 b6 4. a3 Bb7 5. Nc3 d5 6. cxd5 Nxd5 7. Qc2 Be7 8. e4
Nxc3 9. bxc3 O-O 10. Bd3 c5 11. O-O Qc8 12. Qe2 Ba6 13. Bf4 Bxd3 14. Qxd3 Qa6
15. Qxa6 Nxa6 16. Rfe1 cxd4 17. cxd4 Rac8 18. Rec1 f6 19. h4 Kf7 20. Kf1
1/2-1/2

[Event " 3rd International Chess Festival Sport "]
[Site "Paracin"]
[Date "2010.07.13"]
[Round "6.12"]
[White "Zivkovic, Ivan B"]
[Black "Kojovic, Dragan"]
[Result "1/2-1/2"]
[WhiteElo "2326"]
[BlackElo "2381"]
[PlyCount "91"]
[EventDate "2010.07.09"]

1. e4 c6 2. d4 d5 3. Nc3 dxe4 4. Nxe4 Bf5 5. Ng3 Bg6 6. h4 h6 7. Nf3 Nd7 8. h5
Bh7 9. Bd3 Bxd3 10. Qxd3 e6 11. Bd2 Ngf6 12. O-O-O Qc7 13. Ne4 Nxe4 14. Qxe4
Nf6 15. Qe2 O-O-O 16. g3 Bd6 17. c4 c5 18. Bc3 Rhe8 19. Ne5 cxd4 20. Bxd4 Bxe5
21. Bxe5 Qc5 22. Kb1 Ng4 23. Bxg7 Nxf2 24. Rxd8+ Rxd8 25. Rf1 Qf5+ 26. Ka1 Qg4
27. Qxg4 Nxg4 28. Kb1 f5 29. Re1 Re8 30. Bd4 b6 31. a4 Kb7 32. Kc2 Kc6 33. b4
e5 34. Kb3 a6 35. b5+ axb5 36. axb5+ Kb7 37. c5 bxc5 38. Bxc5 Nf6 39. Ra1 Ne4
40. Ra7+ Kb8 41. Bg1 Rg8 42. Bb6 Rxg3+ 43. Kb4 Rg2 44. Re7 Rb2+ 45. Ka5 Ra2+
46. Kb4 1/2-1/2

[Event " 3rd International Chess Festival Sport "]
[Site "Paracin"]
[Date "2010.07.13"]
[Round "6.13"]
[White "Tosic, Miroslav"]
[Black "Popovic, Djordje D"]
[Result "1-0"]
[WhiteElo "2423"]
[BlackElo "2304"]
[PlyCount "133"]
[EventDate "2010.07.09"]

1. d4 Nf6 2. g3 e6 3. c4 c5 4. d5 exd5 5. cxd5 d6 6. Nc3 g6 7. Bg2 Bg7 8. Nf3
O-O 9. O-O a6 10. a4 Nbd7 11. Bf4 Qc7 12. h3 Rb8 13. Rc1 Nh5 14. Bg5 Ne5 15. g4
Nxf3+ 16. exf3 Nf6 17. Re1 h6 18. Bf4 Qd7 19. Qd2 Kh7 20. Bg3 b6 21. Nd1 Bb7
22. Ne3 b5 23. b3 Rbc8 24. f4 Rfe8 25. Qd3 Re7 26. f5 Rce8 27. fxg6+ fxg6 28.
Bf3 Ne4 29. Bh4 Re5 30. axb5 axb5 31. Bg2 c4 32. bxc4 Nc5 33. Qb1 b4 34. Bg3
R5e7 35. Qxb4 Nd3 36. Qxd6 Nxe1 37. Qxd7 Rxd7 38. Rxe1 Bd4 39. Nc2 Rxe1+ 40.
Nxe1 Ba6 41. Nf3 Bc3 42. Be5 Bb4 43. Bf1 Rd8 44. Bc7 Rc8 45. d6 Bxd6 46. Bxd6
Bxc4 47. Bxc4 Rxc4 48. Kg2 Rc6 49. Bf4 Rc4 50. Be3 Ra4 51. Ne5 Re4 52. Nf7 Re7
53. Nxh6 Rb7 54. h4 Kg7 55. g5 Rb4 56. Kg3 Ra4 57. Ng4 Rb4 58. Nf6 Ra4 59. Nd5
Ra5 60. Nf4 Rb5 61. Kg4 Rb1 62. h5 Rg1+ 63. Kf3 gxh5 64. Nxh5+ Kg6 65. Ng3 Rb1
66. Kg4 Rb3 67. Ne2 1-0

[Event " 3rd International Chess Festival Sport "]
[Site "Paracin"]
[Date "2010.07.13"]
[Round "6.14"]
[White "Rajkovic, Branislav"]
[Black "Jerez Perez, Alfonso"]
[Result "1/2-1/2"]
[WhiteElo "2175"]
[BlackElo "2415"]
[PlyCount "69"]
[EventDate "2010.07.09"]

1. e4 c5 2. Nf3 d6 3. d4 cxd4 4. Nxd4 Nf6 5. Nc3 Nc6 6. Bc4 e6 7. Be3 Be7 8.
Qe2 O-O 9. O-O-O d5 10. Bb3 Bb4 11. exd5 exd5 12. Na4 Qe7 13. a3 Bd6 14. Rhe1
Re8 15. h3 Nxd4 16. Rxd4 Be5 17. Rd2 Qd8 18. Qf3 Bd7 19. Nc5 Bc6 20. Bd4 Qd6
21. Rxe5 Rxe5 22. Bxe5 Qxe5 23. Qe2 Qg5 24. f3 Re8 25. Qf2 h5 26. Kb1 a5 27. c3
Qe5 28. Nd3 Qe7 29. Qd4 Qd6 30. Nf4 Re1+ 31. Ka2 Re5 32. Nd3 Re8 33. Nf4 Re5
34. Nd3 Re8 35. Nf4 1/2-1/2

[Event " 3rd International Chess Festival Sport "]
[Site "Paracin"]
[Date "2010.07.13"]
[Round "6.15"]
[White "Zlatanovic, Zoran"]
[Black "Pancevski, Filip"]
[Result "0-1"]
[WhiteElo "2128"]
[BlackElo "2402"]
[PlyCount "94"]
[EventDate "2010.07.09"]

1. e4 e5 2. Nf3 Nc6 3. Bb5 a6 4. Ba4 Nf6 5. O-O Be7 6. Re1 b5 7. Bb3 d6 8. c3
O-O 9. h3 Nb8 10. d4 Nbd7 11. Nbd2 Bb7 12. Bc2 Re8 13. a4 Bf8 14. Bd3 c6 15. b3
Qc7 16. Bb2 g6 17. Qc2 Bg7 18. Bf1 Rad8 19. Rad1 Qb6 20. b4 c5 21. bxc5 dxc5
22. d5 Rb8 23. axb5 axb5 24. c4 b4 25. Nb3 Re7 26. Ra1 Ne8 27. Ra5 Nd6 28. Bc1
Rc8 29. Be3 Ree8 30. Rea1 f5 31. Bd3 f4 32. Bd2 Bf6 33. Be2 Ra8 34. Ne1 h5 35.
f3 Rxa5 36. Rxa5 Ba6 37. Bf1 Rc8 38. g3 fxg3 39. Be3 Be7 40. Kg2 h4 41. f4 exf4
42. Bxf4 Rf8 43. Be3 Bg5 44. Bg1 Rxf1 45. Kxf1 Nxc4 46. Rxa6 Qxa6 47. Kg2 Nd2
0-1

[Event " 3rd International Chess Festival Sport "]
[Site "Paracin"]
[Date "2010.07.13"]
[Round "6.17"]
[White "Ganaus, Hannes"]
[Black "Andrijevic, Milan"]
[Result "1-0"]
[WhiteElo "2288"]
[BlackElo "2375"]
[PlyCount "115"]
[EventDate "2010.07.09"]

1. d4 d5 2. c4 e6 3. Nc3 Nf6 4. cxd5 exd5 5. Bg5 Be7 6. e3 c6 7. Bd3 O-O 8. Qc2
Nbd7 9. Nge2 Re8 10. O-O Nf8 11. Rae1 Nh5 12. Bxe7 Qxe7 13. Nc1 Nf6 14. f3 Ne6
15. Qf2 c5 16. a3 cxd4 17. exd4 Bd7 18. Bb1 Qd6 19. Nd3 Qb6 20. Nc5 Nxc5 21.
dxc5 Qc7 22. Rxe8+ Rxe8 23. Rd1 Qe5 24. Qd4 Qxd4+ 25. Rxd4 Re1+ 26. Kf2 Rc1 27.
Rd2 Kf8 28. Ke3 g5 29. Rd1 Rxd1 30. Nxd1 h5 31. Kd4 Ke7 32. Ne3 Bc6 33. b4 b6
34. Ba2 Ke6 35. Bb3 b5 36. Bc2 Ne8 37. g3 Nc7 38. Bb3 h4 39. f4 gxf4 40. gxf4
Kd7 41. f5 Ne8 42. Bxd5 f6 43. Ng2 Bxd5 44. Kxd5 Nc7+ 45. Kd4 a5 46. Nxh4 axb4
47. axb4 Na6 48. Kc3 Nc7 49. Ng2 Nd5+ 50. Kb3 Ke7 51. h4 Kf7 52. h5 Kg7 53. c6
Kh6 54. Nf4 Ne7 55. c7 Kg5 56. Kc2 Nc8 57. Kd3 Kxf5 58. h6 1-0

[Event " 3rd International Chess Festival Sport "]
[Site "Paracin"]
[Date "2010.07.13"]
[Round "6.18"]
[White "Panic, Nenad"]
[Black "Todorovic, Bojan"]
[Result "1-0"]
[WhiteElo "2371"]
[BlackElo "2305"]
[PlyCount "69"]
[EventDate "2010.07.09"]

1. b3 d5 2. Bb2 Bg4 3. f4 e6 4. Nf3 Bxf3 5. exf3 Nd7 6. Qe2 Qe7 7. Nc3 c6 8. d4
Qf6 9. Qd2 Bd6 10. g3 h5 11. h4 Ne7 12. Nd1 Nf5 13. Qf2 Bb4+ 14. c3 Ba5 15. Bd3
Bb6 16. Ne3 Nxe3 17. Qxe3 O-O-O 18. a4 Rhe8 19. Kd1 Qh6 20. a5 Bc7 21. a6 b5
22. Qe2 f6 23. Bc1 g6 24. Bxb5 cxb5 25. Qxb5 Nb6 26. Qc6 Qh8 27. Ba3 Rd7 28.
Bc5 Kd8 29. Re1 e5 30. Ra2 e4 31. fxe4 dxe4 32. Bxb6 Bxb6 33. Rxe4 Rc7 34. Qd5+
Kc8 35. Rae2 1-0

[Event " 3rd International Chess Festival Sport "]
[Site "Paracin"]
[Date "2010.07.13"]
[Round "6.19"]
[White "Kiroski, Toni"]
[Black "Adnoy, Hallvard V"]
[Result "1/2-1/2"]
[WhiteElo "2362"]
[BlackElo "2275"]
[PlyCount "80"]
[EventDate "2010.07.09"]

1. e4 d6 2. d4 Nf6 3. Nc3 e5 4. dxe5 dxe5 5. Qxd8+ Kxd8 6. Bg5 Bd6 7. O-O-O
Nbd7 8. Bc4 Ke8 9. Nge2 a6 10. f3 Bc5 11. g4 c6 12. Ng3 h6 13. Bxf6 Nxf6 14.
Nf5 Bxf5 15. exf5 b5 16. Bb3 a5 17. a3 Be3+ 18. Kb1 Ke7 19. Rd3 Bd4 20. h4 Rhd8
21. g5 Nh5 22. Ne4 c5 23. Rdd1 c4 24. Ba2 f6 25. a4 bxa4 26. Bxc4 Nf4 27. c3
Bb6 28. Bb5 Ng2 29. Rxd8 Rxd8 30. Bxa4 Ne3 31. gxf6+ gxf6 32. Rg1 Nxf5 33. Rg6
Rf8 34. h5 Be3 35. c4 Nh4 36. Rg7+ Rf7 37. Rg8 Rf8 38. Rg7+ Rf7 39. Rg8 Rf8 40.
Rg7+ Rf7 1/2-1/2

[Event " 3rd International Chess Festival Sport "]
[Site "Paracin"]
[Date "2010.07.13"]
[Round "6.20"]
[White "Brankovic, Dejan"]
[Black "Pantic, Ivica"]
[Result "1/2-1/2"]
[WhiteElo "2352"]
[BlackElo "2269"]
[PlyCount "39"]
[EventDate "2010.07.09"]

1. e4 c5 2. Nf3 d6 3. d4 cxd4 4. Nxd4 Nf6 5. Nc3 a6 6. Bg5 e6 7. Qd2 Be7 8.
O-O-O Qc7 9. f4 h6 10. Bxf6 Bxf6 11. h4 h5 12. Be2 Nd7 13. Bf3 Be7 14. Rhe1 Nb6
15. Qe2 g6 16. Qf2 Bd7 17. Kb1 Qc5 18. Qg3 Nc4 19. Nb3 Qc7 20. Be2 1/2-1/2

[Event " 3rd International Chess Festival Sport "]
[Site "Paracin"]
[Date "2010.07.13"]
[Round "6.21"]
[White "Bargan, Sergei"]
[Black "Petrovic, Marija"]
[Result "1-0"]
[WhiteElo "2331"]
[BlackElo "2208"]
[PlyCount "87"]
[EventDate "2010.07.09"]

1. e4 g6 2. d4 Bg7 3. c4 d6 4. Nc3 Nc6 5. Nge2 e5 6. Be3 f5 7. exf5 Bxf5 8. d5
Nce7 9. Qd2 Nf6 10. f3 a6 11. g4 Bd7 12. Ng3 b5 13. h4 Qc8 14. h5 Qb7 15. O-O-O
bxc4 16. Bxc4 Qb4 17. Bb3 a5 18. h6 Bf8 19. g5 Nfg8 20. f4 Nf5 21. Nxf5 Bxf5
22. Ba4+ Kd8 23. a3 Qc4 24. Bb5 Qb3 25. Bc6 Rb8 26. Ba7 Rc8 27. Rde1 Ne7 28.
Bb5 Ra8 29. Bf2 Nc8 30. fxe5 dxe5 31. d6 Bxd6 32. Bc6 Rb8 33. Bd5 Re8 34. Bxb3
Rxb3 35. Bc5 Kd7 36. Ne4 Bxe4 37. Rxe4 Rb5 38. Bxd6 Nxd6 39. Re2 e4 40. Rd1
Rbe5 41. Qd4 R8e7 42. Kb1 R7e6 43. Qe3 Rb5 44. Rc2 1-0

[Event " 3rd International Chess Festival Sport "]
[Site "Paracin"]
[Date "2010.07.13"]
[Round "6.22"]
[White "Bojovic, Dusan"]
[Black "Kolbert, Engelbert"]
[Result "1-0"]
[WhiteElo "2330"]
[BlackElo "2129"]
[PlyCount "39"]
[EventDate "2010.07.09"]

1. e4 e5 2. Nf3 Nc6 3. d4 exd4 4. Nxd4 Nf6 5. Nxc6 bxc6 6. e5 Qe7 7. Qe2 Nd5 8.
c4 Ba6 9. g3 g6 10. b3 Bg7 11. Bb2 d6 12. Bg2 O-O 13. O-O dxe5 14. Qd2 Rfd8 15.
Qa5 e4 16. Bxg7 Kxg7 17. Qxa6 Nb4 18. Qa4 c5 19. Nc3 f5 20. Rad1 1-0

[Event " 3rd International Chess Festival Sport "]
[Site "Paracin"]
[Date "2010.07.13"]
[Round "6.23"]
[White "Mikanovic, Sandro"]
[Black "Strebkovs, Andrejs"]
[Result "1/2-1/2"]
[WhiteElo "2255"]
[BlackElo "2325"]
[PlyCount "75"]
[EventDate "2010.07.09"]

1. Nf3 d6 2. g3 e5 3. Bg2 g6 4. O-O Bg7 5. d3 Nc6 6. c4 Nge7 7. Nc3 O-O 8. Bd2
f5 9. Rb1 a5 10. a3 Nd4 11. e3 Nxf3+ 12. Bxf3 c6 13. b4 axb4 14. axb4 Be6 15.
Qe2 d5 16. cxd5 cxd5 17. Rfc1 Qd7 18. Bg2 Rfe8 19. Qd1 e4 20. d4 g5 21. Ne2 Ng6
22. Ra1 Bf8 23. f4 exf3 24. Bxf3 Bh6 25. Rxa8 Rxa8 26. Ra1 Rc8 27. Rc1 Ne7 28.
Rxc8+ Nxc8 29. Nc1 Nd6 30. Nd3 Nc4 31. Bg2 b6 32. Ne5 Nxe5 33. dxe5 g4 34. Kf2
Qc7 35. Qa1 Kf7 36. Qd4 Bg7 37. Bc3 Qc4 38. Bf1 1/2-1/2

[Event " 3rd International Chess Festival Sport "]
[Site "Paracin"]
[Date "2010.07.13"]
[Round "6.24"]
[White "Weinzettl, Ernst"]
[Black "Bulatovic, Ilija"]
[Result "1-0"]
[WhiteElo "2325"]
[BlackElo "2032"]
[PlyCount "87"]
[EventDate "2010.07.09"]

1. e4 c5 2. Nf3 d6 3. d4 cxd4 4. Qxd4 a6 5. Be3 Nc6 6. Qb6 Qxb6 7. Bxb6 Nf6 8.
Nc3 g6 9. Nd5 Nxd5 10. exd5 Ne5 11. Nxe5 dxe5 12. Bd3 Bg7 13. O-O O-O 14. c4
Bd7 15. Rfe1 Rac8 16. Rac1 f5 17. f3 g5 18. Be3 Bf6 19. c5 h5 20. c6 bxc6 21.
dxc6 Rxc6 22. Rxc6 Bxc6 23. Bxf5 Kf7 24. Rc1 Bd5 25. b3 Rd8 26. Rc8 Rd6 27. Bc5
Rc6 28. Rxc6 Bxc6 29. Bd3 Bb7 30. b4 Ke6 31. a4 g4 32. fxg4 hxg4 33. b5 axb5
34. Bxb5 Kd5 35. Bb6 e4 36. a5 Be5 37. a6 Ba8 38. Bf2 Bf4 39. Be2 g3 40. hxg3
Bg5 41. Ba7 Kc6 42. Kf2 Kc7 43. Be3 Bf6 44. g4 1-0

[Event " 3rd International Chess Festival Sport "]
[Site "Paracin"]
[Date "2010.07.13"]
[Round "6.25"]
[White "Bulatovic, Nikola"]
[Black "Doric, Nenad"]
[Result "1/2-1/2"]
[WhiteElo "2066"]
[BlackElo "2322"]
[PlyCount "78"]
[EventDate "2010.07.09"]

1. e4 c5 2. Nf3 d6 3. d4 cxd4 4. Nxd4 Nf6 5. Nc3 Bd7 6. Bg5 e6 7. f4 Nc6 8. Qd2
a6 9. O-O-O b5 10. a3 Qb6 11. Be2 b4 12. axb4 Qxb4 13. Bf3 Rb8 14. b3 Na5 15.
Nb1 Qc5 16. Qc3 Be7 17. e5 dxe5 18. Qxc5 Bxc5 19. fxe5 Ng8 20. Nc3 h6 21. Bh4
Ne7 22. Ne4 Ba3+ 23. Kb1 Nd5 24. Be1 Nc6 25. Ka2 Nxd4 26. Rxd4 Be7 27. c4 Nf4
28. Bg3 g5 29. Rhd1 Bc8 30. Bxf4 gxf4 31. Nd6+ Bxd6 32. exd6 Kd7 33. c5 Bb7 34.
Rxf4 f5 35. Ka3 Bxf3 36. Rxf3 Rb5 37. Rc1 Rc8 38. Rfc3 e5 39. Ka4 Rcb8 1/2-1/2